Organické agrochemikálie

Gespeichert in:
Bibliographische Detailangaben
1. Verfasser: Mravec, Dušan, 1943-
Format: Buch
Sprache:Nichtbestimmte Sprache
Veröffentlicht: Bratislava Slovenská vysoká škola technická 1988
Online-Zugang:Im OPAC anzeigen
Tags: Tag hinzufügen
Keine Tags, Fügen Sie das erste Tag hinzu!

MARC

LEADER 00000nam a2200000 a 4500
005 20260127134249.0
008 141106s1988 xx 0 und c
035 |a vtls001340399 
035 |a SNK000293487 
039 9 |a 201411061622  |b VLOAD  |c 200511140857  |d mschk03  |c 200511140856  |d mschk03  |y 200412280605  |z VLOAD 
040 |a SNK  |b slo  |c SNK  |d STUSCHK1  |e AACR2 
100 1 |a Mravec, Dušan,  |d 1943-  |9 356 
245 1 |a Organické agrochemikálie 
260 |a Bratislava  |b Slovenská vysoká škola technická  |c 1988 
300 |a 170 s. 
910 |a SCHK95 
999 |c 8225  |d 8225